00925nam a2200229 a 450000100100000000500170001000800410002702000150006804000250008310000250010824501620013326000290029530000210032449000470034570000270039270000460041970000450046583000540051004900090056495201050057399900170067800003450320200930073733.0111005s2003 es 000 0 spa d a8481646164 aDO-SdBNPbspacBNPHU1 aWan-Seo, Park95994810aAquella montaña tan lejana /cWan-Seo Park ; traducción del coreano de Hye-Jeoung Kim y Francisco Javier Martín Ortíz ; prólogo de Antonio Colinas. aMadrid :bTrotta,c2003. a331 p. ;c23 cm.1 aPliegos de Oriente.aLejano Oriente. Corea1 aKim, Hye-Jeoung9599491 aMartín Ortíz, Francisco Javier9599501 aColinas, Antonio,epról.d1946-918110 0aPliegos de Oriente.pLejano Oriente. Corea959931 aBNPD 001050718MOaGRbGRcCTd2011-10-05iLF1l0o p34503-10r2020-06-25w2020-06-25y1ZNo se presta c33994d33994